• 首页
  • 本馆介绍
  • 公告通知
  • 最新文献
  • 馆藏检索
  • 电子资源
  • 读者导购
  • 参考咨询
  • 我的图书馆
  • 登录
  • 详细信息显示
  • 放入我的书架
  • 预约/预借图书
  • 作者相关作品
  • 分类相关作品
  • 丛书相关作品
  • 出版社相关作品

书目信息

  • 表格格式
  • 工作单格式
  • 卡片格式
题名:
半生缘
    
 
作者: 张爱玲
分册:  
出版信息: 北京   北京十月文艺出版社  2012
页数: 345
开本: 26cm
丛书名:
单 册:
中图分类: I246.5
科图分类:
主题词:
电子资源:
ISBN: 978-7-5302-1114-4
000 00493nam0 2200169 450
001 2637582357
005 20260414102658.20
010    @a978-7-5302-1114-4@d29.60
100    @a20170615d km y0chiy0120 ea
101 0  @achi
200 1  @a半生缘@Aban sheng yuan@f张爱玲@Fzhang ai ling
210    @a北京@c北京十月文艺出版社@d2012
215    @a345@d26cm
690    @aI246.5@v4
701  0 @a张爱玲@Azhang ai ling
801  0 @aCN@b大连网信软件有限公司图书馆·11@c20260414
905    @b7620048@dI246.5@e239@f1
    
    半生缘/张爱玲.-北京:北京十月文艺出版社,2012
    345;26cm
    
    
    ISBN 978-7-5302-1114-4:29.60
    
●
相关链接 在E读中查询图书 在五车中查询图书 在当当中查询图书 在豆瓣中查询图书


正题名:半生缘     索取号:I246.5/239         预约/预借

序号 登录号 条形码 馆藏地/架位号 状态 备注
1 1442619   214426192   第一样本阅览室/ [索取号:I246.5/239] 在馆    
唐山师范学院图书馆 欢迎您!
大连网信软件有限公司© 版权所有